| 000 | 00600nam a2200181 a 4500 | ||
|---|---|---|---|
| 001 | 000698721 | ||
| 003 | AM-YeHGA | ||
| 005 | 20250617142501.0 | ||
| 008 | 091119s1966 ||| r 000 0 rus d | ||
| 040 | _aAM-YeHGA | ||
| 041 | 0 | _arus | |
| 100 | 1 | _aКаныгин, Владимир Андреевич | |
| 245 | 1 | 0 |
_aВерность : _bСтихи, поэма / _cВладимир Каныгин. |
| 260 |
_aГорький : _bВолго-Вятское кн. изд-во, _c1966. |
||
| 300 |
_a63 с. : _bпортр. |
||
| 700 | 1 | _aРусская советская поэзия | |
| 090 | _c260414 | ||
| 999 |
_c258804 _d258804 |
||